000 00349nam a2200145Ia 4500
005 20251222144900.0
008 251222s9999||||xx |||||||||||||| ||spa||
020 _a88400010929
082 _a985.01/B46
100 _aBerrin, Kathleen
245 4 _aThe Spirit of Ancient PerĂº:
250 _a1ra. ed.
264 _bThames and Hudson
942 _cLIB
999 _c21955
_d21955